000 00687nam a2200229 a 4500
001 51817
003 BD-RjUL
005 20211209075721.0
008 160904r19501952nju 001 0 eng d
035 _a(BD-RjUL)51937
040 _aBD-RjUL
_beng
_cBD-RjUL
_dBD-RjUL
041 _aeng
082 _223
_a523.8
_bSTS 1952
100 1 _aStruve, Otto.
_9155010
245 1 0 _aStellar evolution :
_ban exploration from the observatory /
_cOtto Struve
260 _aPrinceton :
_bPrinceton University Press,
_c1950, [Reprinted 1952]
300 _axiv, 266 p. :
_bill. ;
_c25 cm.
500 _aIncludes indexes
650 0 _aStars
_9154842
650 0 _aSterevolutie.
_9155011
942 _2ddc
_cBK
999 _c51817
_d51817